00000000cam 2200000zi 4500
0019.958147
003CaOODSP
00520260603103101
006m     o  d f      
007cr |n|||||||||
008251210e199304  onc     o    f000 0 eng d
040 |aCaOODSP|beng|erda|cCaOODSP
043 |an-cn---
0861 |aJS22-79/1993E-PDF
24500|aReport of preliminary recommendations by the Working Group on High Risk Offenders.
264 1|aOttawa, Ontario : |b[Solicitor General Canada], |cApril 1993.
300 |a1 online resource (95 pages)
336 |atext|btxt|2rdacontent
337 |acomputer|bc|2rdamedia
338 |aonline resource|bcr|2rdacarrier
500 |aDigitized edition from print [produced by Public Safety Canada].
500 |aIssued also in French under title : Recommandations préliminaires du Groupe de travail sur les délinquants à risque élevé.
650 0|aCriminal law|zCanada.
650 0|aCriminals|xRisk assessment|zCanada.
650 0|aCriminals|xRehabilitation|zCanada.
7101 |aCanada. |bSolicitor General Canada, |eissuing body.
77508|tRecommandations préliminaires du Groupe de travail sur les délinquants à risque élevé.|w(CaOODSP)9.963279
85640|qPDF|s2.25 MB|uhttps://publications.gc.ca/collections/collection_2026/sp-ps/JS22-79-1993-eng.pdf